| 000 | 01150nam a2200277 a 4500 | ||
|---|---|---|---|
| 001 | BRL_1309 | ||
| 005 | 20190320211136.0 | ||
| 008 | 060114s1984----mx-o######---#000-0#spa-# | ||
| 020 | _a968290191X | ||
| 041 | _aspa | ||
| 044 | _amx | ||
| 050 | 4 |
_aF1209 _b.H69 1984 |
|
| 245 | 1 | 0 |
_aHoy como ayer _bindumentaria y peinado indígena en México _cpresentación Juan José Bremer Martino, Leonel Durán Solís ; fotografías Ruth Lechuga. |
| 260 |
_aMéxico _bINAH : SEP, Secretaría de Cultura : INI : FONART _c1984 |
||
| 300 |
_a[14] p. _bil., 44 láminas _c27 cm. |
||
| 500 | _aAu1545 | ||
| 500 | _a1984, Tijuana, B.C. / Mayo-Junio : Méxicali, B.C / Septiembre- Octubre : Cd., Juárez, Chih. / Diciembre- Enero 1985 : Saltillo, Coah. / Marzo-Abril : Matamoros, Tamps. / Junio-Julio | ||
| 504 | _aIncluye bibliografía | ||
| 650 | 1 | 4 |
_aIndígenas de México _vExposiciones _xIndumentaria _926459 |
| 650 | 1 | 4 |
_aIndígenas de México _vExposiciones _xPeinado _926460 |
| 700 | 1 |
_aBremer Martino, Juan José _926461 |
|
| 700 | 1 |
_aDurán Solís, Leonel _926462 |
|
| 700 | 1 |
_aLechuga, Ruth D. _d1920-2004 _eil. _92443 |
|
| 902 | _aGRL | ||
| 942 |
_2lcc _cB |
||
| 999 |
_c10121 _d10121 |
||